Conociendo China para iniciativas de negocios y la aplicación de las normas del TLC China-Chile
Guardat en:
| Autor principal: | |
|---|---|
| Format: | Llibre |
| Idioma: | espanyol |
| Publicat: |
Valparaíso
Universidad de Valparaíso
2007
|
| Matèries: | |
| Etiquetes: |
Afegir etiqueta
Sense etiquetes, Sigues el primer a etiquetar aquest registre!
|
MARC
| LEADER | 00000nam a2200000 a 4500 | ||
|---|---|---|---|
| 001 | UCG4769 | ||
| 003 | CL-VaPUC | ||
| 008 | 101125e20070000CL |||||||||||||||||spa|d | ||
| 082 | 0 | 4 | |a 382.0983051 |b JAC |2 21 |
| 100 | |a Jacquin Navarrete, Eduardo |e author |9 554209 | ||
| 245 | 1 | 0 | |a Conociendo China para iniciativas de negocios y la aplicación de las normas del TLC China-Chile |
| 300 | |a 281 p | ||
| 942 | |c BK | ||
| 945 | |d 20101125 00:00:00 |a mfarfan | ||
| 260 | |a Valparaíso |b Universidad de Valparaíso |c 2007 | ||
| 650 | 0 | |a Tratados internacionales |9 256056 | |
| 650 | 0 | |a Comercio exterior |9 257617 | |
| 650 | 7 | |a TRATADO DE LIBRE COMERCIO |2 CL-VaPUC |9 459490 | |
| 651 | 7 | |a CHILE |2 CL-VaPUC |9 554210 | |
| 651 | 0 | |a China |9 257545 | |
| 583 | |a last modification |c 20101125 00:00:00 |k Rodrigo Vera | ||
| 999 | |c 343403 |d 343401 | ||
| 952 | |0 0 |1 0 |4 0 |6 382_098305100000000_JAC_2007 |7 0 |8 A |9 440693 |a BIBGIM |b BIBGIM |d 2019-11-22 |i 473548K |o 382.0983051 JAC 2007 |p 473548K |r 2025-01-15 |w 2019-11-22 |y BK |k COM | ||